000 01434nam0a22002291 4500
001 rc\3451232
005 20250610113554.0
035 _a(NLR Aleph) 007881179
090 _a7918776
_c7918776
100 _a20130115d1974 |||y0rusy50 ca
101 0 _arus
102 _aRU
105 _ay z |||||
200 1 _aОпыт подготовки ежегодного доклада о наиболее важных отечественных и зарубежных достижениях в области науки, техники и производства, научно-технический семинар
_fМ-во электротехн. пром-сти СССР. Павильон "Машиностроение" ВДНХ СССР. Отд-ние ВНИИЭМ по науч.-техн. информации в электротехнике. Информэлектро. Науч.-техн. семинар "Опыт подготовки ежегодного докл. о наиболее важных отеч. и зарубеж. достижениях в области науки, техники и производства". Москва, сент. 1974 г.
210 _aМосква
_cБ. и.
_d1974
215 _a77 с.
_d21
333 _aДля служебного пользования. Экз. № 000005
801 0 _aRU
_bNLR
_gpsbo
801 1 _aRU
_bELAR
_2rusmarc
852 _aNLR
_j74-50К/4291
942 _cBOOK
980 _aNB